The Greatest NBA players in 2020 - Statistics

General Stats
  • This quiz has been taken 34 times
  • The average score is 13 of 15
Answer Stats
Answer % Correct
1. Lebron James
100%
9. Russell Westbrook
100%
5. Steph Curry
100%
2. Giannis Antetokounmpo
97%
6. James Harden
97%
3. Kawhi Leonard
93%
4. Anthony Davis
90%
10. Paul George
90%
8. Luka Doncic
87%
13. Nikola Jokic
87%
7. Damian Lillard
77%
11. Joel Embiid
77%
14. Jimmy Butler
70%
12. Trae Young
70%
15. Donovan Mitchell
47%
No matching quizzes found
Score Distribution
Percent of People with Each Score
Percentile by Number Answered
Your Score History
You have not taken this quiz